000 00703nam a2200193Ia 4500
003 0
005 20250115120314.0
008 161205s9999 xx 000 0 und d
050 _aPHS LB 2822.82
_b.N278 2015
100 _aNatividad, Sevigne A.
245 _aPerception of SISC grade 7 students on the 10-year and k-12 education program
_cSevigne A, Natividad
260 _aLas PiƱas, Philippines :
_bSouthville International School and Colleges,
_c2015.
300 _aiii, 27 p. ;
_c28 cm.
504 _aIncludes bibliographical references.
650 _aEducation reform
_zPhilippines.
650 _aK-12 education
_zPhilippines.
650 _aEducational policy
_zPhilippines.
942 _2lcc
_cPASS
999 _c305306
_d305306